One Piece Kopfgelder - Statistiken

Allgemein
  • Dieses Quiz wurde 358 mal gespielt
  • Das Durchschnittsergebnis liegt bei 24 aus 55
Antwortstatistiken
Person Kopfgeld % Korrekt
Buggy 15.000.000
89%
Tony Chopper 100
86%
Monkey D. Ruffy 1.500.000.000
83%
Alvida 5.000.000
83%
Capone Bege 300.000.000
82%
Caesar Crown 300.000.000
82%
Arlong 20.000.000
79%
Boogey 100.000.000
78%
Woogey 100.000.000
78%
Trafalgar Law 500.000.000
73%
Boa Hancock 80.000.000
68%
Lysop 200.000.000
67%
Killer 200.000.000
67%
Bartolomeo 200.000.000
67%
Jack 1.000.000.000
66%
Mister 2 32.000.000
66%
Lorenor Zorro 320.000.000
56%
Gecko Moria 320.000.000
56%
Basil Hawkins 320.000.000
56%
Sanji 330.000.000
56%
Cavendish 330.000.000
56%
Puma D. Ace 550.000.000
52%
Little Oz Jr. 550.000.000
52%
Charlotte Perospero 700.000.000
49%
Nico Robin 130.000.000
48%
Käpt'n Black 16.000.000
43%
Don Creek 17.000.000
42%
Nami 66.000.000
42%
Scratchmen Apoo 350.000.000
39%
Franky 94.000.000
35%
Don Quichotte de Flamingo 340.000.000
34%
Brook 83.000.000
34%
Jewelry Bonney 140.000.000
32%
Mister 3 24.000.000
30%
Foxy 24.000.000
30%
Sir Crocodile 81.000.000
30%
Caribou 210.000.000
29%
Mister 1 75.000.000
27%
Eustass Kid 470.000.000
26%
Edward Weevil 480.000.000
26%
Urouge 108.000.000
20%
Charlotte Cracker 860.000.000
19%
Queen 1.320.000.000
18%
Sabo 602.000.000
18%
Diamante 99.000.000
18%
Trebol 99.000.000
18%
Pica 99.000.000
18%
X. Drake 222.000.000
16%
Charlotte Katakuri 1.057.000.000
14%
Bartolomäus Bär 296.000.000
13%
Jimbei 438.000.000
13%
Bellamy 195.000.000
11%
Charlotte Smoothie 932.000.000
10%
Marshall D. Teach 2.247.600.000
7%
Don Chinjao 542.000.000
7%
Keine übereinstimmenden Quizze gefunden
Verteilung der Resultate
Anzahl Personen mit jedem Resultat
Perzentil nach korrekt beantworteten Fragen
Ihre Resultats-Entwicklung
Sie haben dieses Quiz noch nicht gespielt